| 000 | 00796nam a2200265Ia 4500 | ||
|---|---|---|---|
| 003 | OSt | ||
| 005 | 20221006143055.0 | ||
| 006 | a|||||r|||| 00| 0 | ||
| 007 | ta | ||
| 008 | 221006b |||||||| |||| 00| 0 eng d | ||
| 020 | _c639.58 | ||
| 024 | _a7,976 | ||
| 037 | _cTextual | ||
| 040 |
_aEASL _cEASL _beng |
||
| 041 |
_2eng _aeng |
||
| 082 | _aX.42.N45, N0 | ||
| 100 |
_aLEE Chung H Ed. _9649111 |
||
| 245 | 0 |
_aEconomic development of Japan and Korea _b A parallel with lessons |
|
| 260 |
_aNew York _bPraeger _c1990 |
||
| 300 |
_a208p. _ccm. |
||
| 500 | _aBook is lost. Receipt No. 2002, Dated 08.10.2013 of Rs. 684/= | ||
| 700 |
_a YAMAZAWA Ippei Ed. _917167 |
||
| 942 |
_hX.42.N45, N0 _cTEXL _2CC |
||
| 999 |
_c1076062 _d1076062 |
||